El fantasma de Canterville / (Record no. 180943)
[ view plain ]
| 000 -LEADER | |
|---|---|
| campo de control de longitud fija | 00676nam a2200205 i 4500 |
| 001 - NÚMERO DE CONTROL | |
| campo de control | 180943 |
| 003 - IDENTIFICADOR DE NÚMERO DE CONTROL | |
| campo de control | ES-MaACL |
| 005 - FECHA Y HORA DE LA ÚLTIMA TRANSACCIÓN | |
| campo de control | 20250702063128.0 |
| 008 - DATOS DE LONGITUD FIJA--INFORMACIÓN GENERAL | |
| campo de control de longitud fija | 120831119501959sp |||| | spa d |
| 100 1# - ENTRADA PRINCIPAL--NOMBRE DE PERSONA | |
| Nombre de persona | Wilde, Oscar, |
| Fechas asociadas al nombre | 1854-1900 |
| 9 (RLIN) | 241147 |
| 245 13 - MENCIÓN DEL TÍTULO | |
| Título | El fantasma de Canterville / |
| Mención de responsabilidad, etc. | Oscar Wilde ; versión española de Mario Lacruz ; portada de Coll. |
| 260 ## - PUBLICACIÓN, DISTRIBUCIÓN, ETC. | |
| Lugar de publicación, distribución, etc. | Barcelona : |
| Nombre del editor, distribuidor, etc. | Ediciones G. P., |
| Fecha de publicación, distribución, etc. | [195-] |
| 300 ## - DESCRIPCIÓN FÍSICA | |
| Extensión | 96 p. ; |
| Dimensiones | 11 cm. |
| 490 1# - MENCIÓN DE SERIE | |
| Mención de serie | Enciclopedia pulga ; |
| Designación de volumen o secuencia | 5 |
| 700 0# - ENTRADA AGREGADA--NOMBRE PERSONAL | |
| Nombre de persona | Lacruz, Mario. |
| 9 (RLIN) | 69412 |
| 700 0# - ENTRADA AGREGADA--NOMBRE PERSONAL | |
| Nombre de persona | Coll, Alejandro. |
| 9 (RLIN) | 39607 |
| 830 0# - PUNTO DE ACCESO ADICIONAL DE SERIE-TÍTULO UNIFORME | |
| Título uniforme | Enciclopedia pulga ; |
| Designación de volumen o secuencia | 5 |
| 9 (RLIN) | 191296 |
| 852 ## - LOCALIZACIÓN | |
| Ubicación | ES-MaACL |
| Número de control de estantería | 2311-F-31 |
| Estatus retirado | Estado de pérdida | Estado de daño | No para préstamo | Colección | Biblioteca de origen | Biblioteca actual | Ubicación en estantería | Fecha de adquisición | Fuente de adquisición | Total de préstamos | Signatura topográfica completa | Código de barras | Visto por última vez | Fecha del último préstamo | Precio de reemplazo | Tipo de ítem Koha |
|---|---|---|---|---|---|---|---|---|---|---|---|---|---|---|---|---|
| Colección de folletos | Biblioteca del Ateneo de Madrid | Biblioteca del Ateneo de Madrid | Depósito folletos | 31/08/2012 | 1 | 2311-F-31 | 1190140 | 15/04/2026 | 20/03/2026 | 23/02/2023 | Folleto |
